Statistics for Busiest Airports I've Been To

Click here to take the quiz!

General Stats

  • This quiz has been taken 28 times
  • The average score is 35 of 37

Answers on the Map

Answers color-coded by a green-red scale on the quiz's map according to % correct below.
 

Answer Stats

2019 RankBusiest Airport% Correct
12Amsterdam Airport Schiphol
100%
27Barcelona–El Prat Airport
100%
2Beijing Capital International Airport
100%
9Charles de Gaulle Airport
100%
54Don Mueang International Airport
100%
51Leonardo da Vinci International Airport
100%
42London Gatwick Airport
100%
7London Heathrow Airport
100%
3Los Angeles International Airport
100%
22Madrid Barajas Airport
100%
50Narita International Airport
100%
6O'Hare International Airport
100%
14Seoul Incheon International Airport
100%
8Shanghai Pudong International Airport
100%
18Singapore Changi Airport
100%
19Suvarnabhumi Airport
100%
5Tokyo Haneda Airport
100%
4Dubai International Airport
96%
15Frankfurt Airport
96%
58Hamad International Airport
96%
13Hong Kong International Airport
96%
17Indira Gandhi International Airport
96%
20John F. Kennedy International Airport
96%
30McCarran International Airport
96%
39Ninoy Aquino International Airport
96%
23San Francisco International Airport
96%
29Seattle-Tacoma International Airport
96%
46Shanghai Hongqiao International Airport
96%
49Sydney Airport
96%
36Taiwan Taoyuan International Airport
96%
59Melbourne Airport
92%
38Munich Airport
92%
32Toronto Pearson International Airport
92%
11Guangzhou Baiyun International Airport
88%
21Kuala Lumpur International Airport
88%
26Shenzhen Bao'an International Airport
72%
55Tan Son Nhat International Airport
68%

Score Distribution

Percentile by Number Answered

Percent of People with Each Score

Your Score History

You have not taken this quiz